Double OU words Quiz Stats

Quiz Updated Feb 22, 2012

Also try: AA Battery
Challenge
Share
Tweet
Embed
Score 0/22 Timer 06:00
2 Plays Today
Clue Word % Correct
Traffic circle or Yes songRoundabout
82.2%
Audio feature of a great home or cinema theaterSurround Sound
74%
Type of bread (popular in San Francisco) often used to make pretzelsSourdough
69.2%
Dish made of fine grains popular in Africa and the Middle EastCouscous
68.4%
When a basketball player receives six infractionsFoul out
59.9%
In a restaurant, it could be Chicken Noodle today and Tomato Bisque tomorrow.Soup du jour
59%
Parisian cabaret theatre that inspired a Nicole Kidman movieMoulin Rouge!
58.6%
Object of Ponce de Leon's questFountain of Youth
54.9%
The practice of subcontracting employees, especially from foreign countriesOutsourcing
50.3%
Heading to Miami from Boston, on I-95Southbound
47.2%
Place where railroad cars are joined together, or a type of kickRoundhouse
44.8%
Clue Word % Correct
This 'modern' convenience often had moon-shaped windowsOuthouse
42.1%
Not deterred by danger; brave; valiantCourageous
38.2%
A key part of cardiopulmonary resuscitationMouth to Mouth
34.6%
Equal to half a (short) tonThousand Pounds
33.3%
Person who consistently uses rude or inappropriate languageFoulmouth
32.3%
Having showy or frilly ornamentation, especially on a woman's garment Frou Frou
30%
A pair of mischievous or dangerous things or an Elvis Presley albumDouble Trouble
21.6%
Egyptian who became Secretary-General of the UNBoutros Boutros-Ghali
16.6%
The capital of Burkina FasoOuagadougou
11.9%
Greek stringed instrument similar to a mandolinBouzouki
6%
Complying with contemporary conventional norms; marked by good mannersCourteous
4.9%

You're not logged in!

Compare scores with friends on all Sporcle quizzes.
Sign Up with Email
OR
Log In

You Might Also Like...

Show Comments

Extras

Top Quizzes Today


Score Distribution

Your Account Isn't Verified!

In order to create a playlist on Sporcle, you need to verify the email address you used during registration. Go to your Sporcle Settings to finish the process.